Statistics for Tim McGraw lyrics

Click here to take the quiz!

General Stats

  • This quiz has been taken 56 times
  • The average score is 333 of 365

Answer Stats

Lyrics% Correct
a
100%
He
100%
I
100%
my
100%
night,
100%
night
100%
of
100%
on,
100%
on
100%
that
100%
the
100%
The
100%
to
100%
when
100%
When
100%
you
100%
your
100%
all
97%
blue
97%
eyes
97%
hope
97%
McGraw,
97%
me
97%
one
97%
"That's
97%
then,
97%
then
97%
think
97%
Tim
97%
dress,
94%
favorite
94%
Georgia
94%
head
94%
lie"
94%
long,
94%
said
94%
song
94%
those
94%
way
94%
And
91%
and
91%
black
91%
chest,
91%
happiness,
91%
in
91%
it
91%
little
91%
shame
91%
shined
91%
we
91%
back
88%
boy
88%
danced
88%
is
88%
It's
88%
it's
88%
jeans
88%
like
88%
old
88%
stars
88%
time
88%
truck
88%
at
84%
for
84%
Just
84%
summer
84%
But
81%
Chevy
81%
faded
81%
find
81%
gettin'
81%
gone
81%
had
81%
put
81%
was
81%
first
78%
I'm
78%
stuck
78%
there
78%
from
75%
lake
75%
letter
75%
moon
75%
read,
75%
read
75%
spotlight
75%
tendency
75%
here
72%
him
72%
lookin'
72%
not
72%
see
72%
September
72%
up
72%
you'll
72%
backroads
69%
bittersweet
69%
month
69%
never
69%
right
69%
saw
69%
there's
69%
thing
69%
weren't
69%
beneath
66%
beside
66%
hard
66%
Oh,
66%
radio
66%
tears
66%
woke
66%
bed
63%
believe
63%
box
63%
doorstep
63%
God
63%
left
63%
since
63%
standing
63%
summers
63%
thanking
63%
three
63%
nice
59%
street
59%
takes
59%
turn
59%
place
56%
Someday
44%

Score Distribution

Percentile by Number Answered

Percent of People with Each Score

Your Score History

You have not taken this quiz